01613cam a22002651 4500001001300000003000400013005001700017008004100034010001700075035002000092040006000112042001200172050002500184100005400209245026600263260004800529300003100577410008200608500030300690501023500993504003901228650002601267710003701293999001701330e 34000564 DLC20260227111224.0860902s1934 dcua b f000 0 eng c ae 34000564  a(OCoLC)14172301 aLibrary, U.S. Office of EducationcMiDdMiDdOCoLCdDLC apremarc00aLC1045b.A25 no. 1741 aProsser, Charles A.q(Charles Allen),d1871-1952.10aVocational education and changing conditions;bchanging economic and social conditions and their effect upon vocational education ... 1934.cUnited States Department of the Interior, Harold L. Ickes, secretary. Office of Education, George F. Zook, commissioner. aWashington,bU.S. Govt. Print. Off.,c1934. av, 112 p.bdiagrs.c23 cm.10aUnited States.bOffice of Education.tVocational education bulletinvno. 174. aThe inquiry on which this report is based was undertaken at the request of the American Vocational Association, by the Federal Board for Vocational Education. A committee from the association served in a cooperating and advisory capacity. Dr. C.A. Prosser prepared the present report. cf. Foreword. aWith : Vocational teacher training in the industrial field / American Vocational Association. Committee on Trade and Industrial Teacher Training. Washington : Govt. Print. Off., 1934. Bound together subsequent to publication.5DLC a"Notes and references": p. 91-112. 0aVocational education.2 aAmerican Vocational Association. c21402d21402